<?xml version="1.0" encoding="UTF-8"?><?xml-stylesheet type="text/xsl" href="static/style.xsl"?><OAI-PMH xmlns="http://www.openarchives.org/OAI/2.0/" xmlns:xsi="http://www.w3.org/2001/XMLSchema-instance" xsi:schemaLocation="http://www.openarchives.org/OAI/2.0/ http://www.openarchives.org/OAI/2.0/OAI-PMH.xsd"><responseDate>2026-04-17T06:19:03Z</responseDate><request verb="GetRecord" identifier="oai:www.recercat.cat:2072/465313" metadataPrefix="marc">https://recercat.cat/oai/request</request><GetRecord><record><header><identifier>oai:recercat.cat:2072/465313</identifier><datestamp>2026-03-13T10:40:05Z</datestamp><setSpec>com_2072_98</setSpec><setSpec>col_2072_378192</setSpec></header><metadata><record xmlns="http://www.loc.gov/MARC21/slim" xmlns:dcterms="http://purl.org/dc/terms/" xmlns:xsi="http://www.w3.org/2001/XMLSchema-instance" xmlns:doc="http://www.lyncode.com/xoai" xsi:schemaLocation="http://www.loc.gov/MARC21/slim http://www.loc.gov/standards/marcxml/schema/MARC21slim.xsd">
   <leader>00925njm 22002777a 4500</leader>
   <datafield ind2=" " ind1=" " tag="042">
      <subfield code="a">dc</subfield>
   </datafield>
   <datafield ind2=" " ind1=" " tag="720">
      <subfield code="a">Torrano-Romero, L.</subfield>
      <subfield code="e">author</subfield>
   </datafield>
   <datafield ind2=" " ind1=" " tag="720">
      <subfield code="a">Pérez, José Ignacio</subfield>
      <subfield code="e">author</subfield>
   </datafield>
   <datafield ind2=" " ind1=" " tag="720">
      <subfield code="a">Fuste, Victoria</subfield>
      <subfield code="e">author</subfield>
   </datafield>
   <datafield ind2=" " ind1=" " tag="720">
      <subfield code="a">Moral, Antonio</subfield>
      <subfield code="e">author</subfield>
   </datafield>
   <datafield ind2=" " ind1=" " tag="260">
      <subfield code="c">2021</subfield>
   </datafield>
   <datafield ind2=" " ind1=" " tag="520">
      <subfield code="a">Introducción: A pesar de que el carcinoma de paratiroides es uno de los cánceres menos frecuentes del mundo, es importante tenerlo en cuenta al plantear el diagnóstico diferencial del hiperparatiroidismo primario, ya que su diagnóstico temprano tiene repercusiones en el tratamiento y el pronóstico vital del paciente. Caso Clínico: A continuación, se expone un caso clínico de un paciente con sintomatología abigarrada de hiperfunción paratiroidea que, dada la sospecha clínica de carcinoma de paratiroides y la no infiltración de estructuras adyacentes, fue tratado con una paratiroidectomía. Conclusión: Esta cirugía supone una menor morbilidad, sin suponer un detrimento para la supervivencia global del paciente.</subfield>
   </datafield>
   <datafield ind2=" " ind1=" " tag="520">
      <subfield code="a">Introduction: Parathyroid carcinoma should be taken into consideration among the differential diagnosis of primary hyperparathyroidism, even though it is one of the less common malignant tumours in the world, because an early diagnosis is essential for the treatment and the prognosis of the patient. Case Report: We present the case of a patient whose symptoms were compatible with hyperfunction of parathyroid gland. Due to the malignant disease suspicion and the non-invasion of adjacent tissue, he was treated with a parathyroidectomy. Conclusion: This type of treatment supposes a lower morbidity without decrease in overall survival, according to bibliography.</subfield>
   </datafield>
   <datafield tag="653" ind2=" " ind1=" ">
      <subfield code="a">Carcinoma de paratiroides</subfield>
   </datafield>
   <datafield tag="653" ind2=" " ind1=" ">
      <subfield code="a">Cirugía endocrina</subfield>
   </datafield>
   <datafield tag="653" ind2=" " ind1=" ">
      <subfield code="a">Paratiroidectomía</subfield>
   </datafield>
   <datafield tag="653" ind2=" " ind1=" ">
      <subfield code="a">Parathyroid carcinoma</subfield>
   </datafield>
   <datafield tag="653" ind2=" " ind1=" ">
      <subfield code="a">Endocrine surgery</subfield>
   </datafield>
   <datafield tag="653" ind2=" " ind1=" ">
      <subfield code="a">Parathyroidectomy</subfield>
   </datafield>
   <datafield ind2="0" ind1="0" tag="245">
      <subfield code="a">Manejo quirúrgico de carcinoma de paratiroides : a propósito de un caso</subfield>
   </datafield>
</record></metadata></record></GetRecord></OAI-PMH>